01362nam a22002777a 4500003000900000005001700009007000300026008003200029020001500061040003600076082002700112100003100139245011300170264003300283300004500316336002700361337003500388338003000423490003800453520040300491650003700894650003300931650003900964700003401003700004701037DO-SdBPM20250902132407.0ta170713b2005 sp || 00| 0 spa d a8420467839 aDO-SdBPMbspacBPMSUerda6 8  4a813.5 bM476m 20052221 aMazer, Anned1953-eautor 10aMira antes de saltar / cAnne Mazer ; ilustraciones, Monica Gesue ; traducción, Isabel González Gallarza aMadrid :bAlfaguara , c2005 a155 páginas :bilustración c20 cm.  atextobtxt2rdacontent asin mediación bn2rdamedia  avolumen bnc2rdacarrier 0 aLocuras (y corduras de Abby ; v5 aEs verano y Abby no tiene nada que hacer. ¡Es el momento perfecto para tener una mascota! Abby sabe que está a la altura de la responsabilidad. Pero las cosas no salen como estaba previsto y, cuando por fin adopta un gatito, el verano de Abby ya ha mejorado mucho. Ha hecho una nueva amiga en el campamento y además tiene que ganar un concurso. ¿De dónde sacará tiempo ahora para su gato? 7a Novela infantil estadounidense 7aVacacionesvNovela infantil  7aLiteratura infantil estadounidense1 aGesue, Monicaeilustración 1 aGonzález Gallarza, Isabel etradución